| 000 | 00359nam a22001337a 4500 | ||
|---|---|---|---|
| 008 | 151015b xxu||||| |||| 00| 0 eng d | ||
| 020 | _a0805839909 | ||
| 041 | 0 | _aeng | |
| 080 | _a336.7 | ||
| 245 | 0 |
_aMaintaining Relationships Through Communication _cDaniel J. Canary - Marianne Dainton |
|
| 300 |
_a337 _bme il. |
||
| 650 | _acommunication | ||
| 942 |
_2udc _cBK |
||
| 999 |
_c1285 _d1285 |
||